| 000 | 00761cab a2200217 4500 | ||
|---|---|---|---|
| 001 | ABS44052 | ||
| 008 | 090401t xxu||||| |||| 00| 0 eng d | ||
| 035 | _a(Sirsi) u45083 | ||
| 041 | _aeng | ||
| 100 | _aMorris, A. | ||
| 245 | _aCriteria affecting the design and management of sports stadia | ||
| 260 | _c9(1) Winter 1990/91, 40-45(6) | ||
| 350 | _a0 | ||
| 490 |
_aProperty Management _v9(1) Winter 1990/91, 40-45(6) |
||
| 520 | _aExamines the criteria and legislation relating to the design and management of sports stadia both for football and other sports, considering refurbishment as well as new build. | ||
| 650 | _aSAFETY | ||
| 650 | _aSPORTS FACILITIES | ||
| 690 | _aBUILT ENVIRONMENT-CONSTRUCTION DESIGN | ||
| 942 | _n0 | ||
| 948 | _c04/03/1997 | ||
| 999 |
_c28662 _d28662 |
||